Culture G Pokémon #1 - Statistiques

Statistiques générales
  • Ce quiz a été pris 606 fois
    429 depuis la dernière actualisation
  • Le résultat moyen est 19 sur 50
Statistiques - réponses
Question Réponse % Correct
Quel type, au départ totalement inefficace contre le type Psy, est devenu par la suite super efficace contre lui ? Spectre
85%
Quel Pokémon était initialement prévu pour devenir la mascotte de Pokémon, à la place de Pikachu ? Mélofée
83%
Quelle Ball a un taux de réussite plus élevé sur un Pokémon de type Eau ou Insecte ? Filet Ball
78%
Combien y a-t-il de cheveux sur la tête de Psykokwak ? 3
76%
Qui est le spécialiste de la stratégie sur la chaîne Youtube de Pokémon Trash ? Fildrong
70%
Comment s'appelle la transformation spécifique d'Amphinobi, issue de l'animé et introduite ensuite dans les jeux ? Sachanobi
70%
Si un Pokémon possédait les 18 types, quelle serait son unique faiblesse ? Roche
67%
À quel niveau évolue Balignon ? 23
61%
Combien coûte une Guérison dans les magasins ? 3000 Pokédollars
59%
Quelle est la seule attaque physique de type Fée qui n'est pas une capacité signature ? Câlinerie
55%
Quel est le seul Pokémon dont la tête est en-dehors de l'écran pendant les combats ? Noadkoko d'Alola
54%
Comment s'appelle le rival de Sacha pendant les saisons 10 à 13, possédant un Élekable ? Paul
54%
De quel Pokémon Électrikipik est-elle l'attaque signature en 7G ? Togedemaru
54%
Quel objet rare permet la fusiorption de Kyurem avec Reshiram ou Zekrom ? Pointeau ADN
51%
Quel Pokémon de la 8G possède une Forme Contrefaçon et une Forme Authentique ? Théffroi
50%
Quel Pokémon, pourtant prédateur de celui-ci, peut être appelé en renfort par Corayon dans les versions 7G ? Vorastérie
49%
Combien y a-t-il de Pokémon dans la 7ème génération ? 86
45%
Quel est le seul oiseau régional, dans sa forme de base, à ne pas être de type Normal ? Minisange
45%
Dans quelle ville d'Unys peut-on affronter Cynthia ? Vaguelone
44%
Quel est le talent caché de Ténéfix ? Farceur
42%
Quelle est la seule attaque à posséder deux types simultanément ? Flying Press
42%
Quelle est l'attaque signature de Meloetta ? Chant Antique
41%
Complétez le titre du 10ème film : L'ascension de... Darkrai
41%
Quel est le surnom du Goélise de M. Marco, vieux marin habitant non loin de Clémenti-Ville ? Piko
41%
Comment s'appelle le talent de Primo-Groudon, qui a pour effet de rendre totalement inefficaces les attaques de type Eau ? Terre Finale
41%
Comment s'appelle le tier stratégique au-dessus de l'Uber, symbolisé par les initiales AG, dans lequel quasiment rien n'est interdit et qui ne contient que Méga-Rayquaza ? Anything Goes
40%
À quel niveau Lucario apprend-il Close Combat entre la 5G et la 7G ? 55
39%
Quel Pokémon est offert par un scientifique dans les locaux de la Sylphe SARL ? Lokhlass
38%
Quel est le taux d'apparition d'un Pokémon chromatique sur les versions 2G à 5G ? 1/8192
37%
Quel est le seul Pokémon de type Électrik et Feu ? Motisma-Chaleur
31%
Quel bug, lié à un dresseur, permet de capturer Mew dans les versions Bleue, Rouge et Jaune ? Bug du Croupier
29%
Comment s'appelle l'acolyte de Cassidy, ceux-ci formant le duo rival de Jessie et James au sein de la Team Rocket ? Butch
28%
Comment s'appelle l'attaque signature de Silvallié, qui change de type en fonction de l'objet qu'il tient ? Coup Varia-Type
28%
Dans quelle série télévisée bien connue Arceus est-il mentionné par le personnage principal ? Dr. House
27%
Comment s'appelle l'amie du professeur Keteleeria, spécialiste du Dream World ? Oryse
24%
Quel talent a pour unique effet d'immuniser contre la brûlure ? Ignifu-Voile
20%
Quelle statistique de Vitesse maximale un Majaspic peut-il avoir au niveau 100, augmentations temporaires non comprises ? 357
17%
Quel appareil permet aux rangers de capturer temporairement les Pokémon dans la série des Pokémon Ranger ? Capstick
17%
Quel jeu sorti sur GameCube permettait d'obtenir Jirachi sur les versions 3G ? Pokémon Channel
17%
Comment s'appelle la capacité Z standard de type Roche ? Apocalypse Gigalithique
16%
Quel Pokémon est décrit par le Pokédex comme le Pokémon Congère ? Sorbouboul
16%
Dans la série des Donjon Mystère, en quel aliment handicapant une pomme est-elle susceptible de se transformer lorsque le meneur marche sur un Piège Tadmorv ? Morviture
13%
Quel membre de l'équipe de programmation des jeux Pokémon peut être affronté à Volucité, Ho'ohale et Ludester ? Shigeki Morimoto
13%
Quel est le nom de la Poké Monture permettant de retourner sur un lieu déjà visité dans les versions Soleil, Lune, Ultra-Soleil et Ultra-Lune ? Air Dracaufeu
12%
Quel Pokémon de type Psy possède la plus haute statistique de base de PV ? Qulbutoké
12%
Quel terme stratégique désigne un Pokémon utilisant Clonage et Mitra-Poing ? SubPuncher
11%
Dans Donjon Mystère : Équipe de secours rouge et bleue, comment s'appelle le donjon le plus difficile du jeu, au bout duquel Celebi se joint à l'équipe de secours ? Forêt Pureté
6%
Contre quel Dresseur Sacha est-il éliminé à la Conférence Argentée, à Johto, avec la défaite de Dracaufeu contre un Braségali ? Harrison
6%
Dans quelle zone forestière des Terres Sauvages peut-on rencontrer des Pokémon comme Rafflesia, Tengalice ou Chelours ? Bois de Clairjour
4%
Comment s'appelle la petite fille effrayée par un Hypnomade dans le Bois Baies de l'Île 3, dans les îles Sevii ? Lostelle
4%
Aucun quiz correspondant
Distribution des résultats
% des personnes avec chaque résultat
Percentile par nombre de réponses
Votre historique - résultats
Vous n’avez pas pris ce quiz depuis la dernière actualisation